[Event "SVK-chT3A2 2223"]
[Site "Slovakia"]
[Date "2022.12.04"]
[Round "3.7"]
[White "Richnak, Marek"]
[Black "Gajarsky, Roman"]
[Result "0-1"]
[WhiteElo "1190"]
[BlackElo "1770"]
[PlyCount "36"]
[EventDate "2022.10.16"]
[EventType "team-tourn"]
[EventRounds "9"]
[EventCountry "SVK"]
[SourceTitle "EXT 2024"]
[Source "ChessBase"]
[SourceDate "2023.10.10"]
[SourceVersion "1"]
[SourceVersionDate "2023.10.10"]
[SourceQuality "1"]
[WhiteTeam "Surovce"]
[BlackTeam "Hlohovec"]
[WhiteTeamCountry "SVK"]
[BlackTeamCountry "SVK"]

1. e4 d5 2. Nf3 dxe4 3. Ne5 Nf6 4. Bc4 e6 5. Nc3 Qd4 6. Nxf7 Kxf7 7. d3 Bb4 8. Bd2 exd3 9. cxd3 Qe5+ 10. Kf1 c6 11. Qb3 Bc5 12. Re1 Qd6 13. Bxe6+ Bxe6 14. Qxb7+ Nbd7 15. Ne4 Qxd3+ 16. Re2 Nxe4 17. Qxc6 Nxd2+ 18. Ke1 Rhe8 0-1

[Event "SVK-chT3A2 2122"]
[Site "Slovakia"]
[Date "2022.01.30"]
[Round "8.4"]
[White "Gajarsky, Roman"]
[Black "Rusnacik, Milan"]
[Result "1-0"]
[WhiteElo "1756"]
[BlackElo "1355"]
[PlyCount "89"]
[EventDate "2021.10.10"]
[EventType "team-tourn"]
[EventRounds "11"]
[EventCountry "SVK"]
[SourceTitle "EXT 2023"]
[Source "ChessBase"]
[SourceDate "2022.10.05"]
[SourceVersion "1"]
[SourceVersionDate "2022.10.05"]
[SourceQuality "1"]
[WhiteTeam "Hlohovec"]
[BlackTeam "Modranka Komplet II"]
[WhiteTeamCountry "SVK"]
[BlackTeamCountry "SVK"]

1. e4 c5 2. f4 d6 3. Nf3 Nf6 4. d3 Nc6 5. Be3 g6 6. h3 Bg7 7. c3 0-0 8. g4 h6 9. Be2 Bd7 10. Nbd2 Qc7 11. Nf1 e6 12. Ng3 Ne7 13. Qd2 b5 14. Kf2 a6 15. Rag1 Rac8 16. g5 hxg5 17. Nxg5 Nh7 18. h4 Nxg5 19. hxg5 Rfd8 20. Bg4 Bc6 21. Rh3 Bb7 22. Ke1 d5 23. e5 d4 24. Bf2 Nf5 25. Ne4 Bxe4 26. dxe4 Ne7 27. cxd4 cxd4 28. Rd3 Nc6 29. a3 Bf8 30. Ke2 Bc5 31. Rc1 Qa7 32. b4 Bb6 33. Qa2 Qe7 34. Qd2 Rd7 35. Rh3 d3+ 36. Kf1 Bxf2 37. Kxf2 Qd8 38. Rch1 Qb6+ 39. Kf1 Kf8 40. Rh8+ Ke7 41. Rxc8 Qb7 42. Rhh8 Rd8 43. Rcxd8 Nxd8 44. Qxd3 Nc6 45. Qd6# 1-0

[Event "SVK-chT3A2 2122"]
[Site "Slovakia"]
[Date "2021.11.21"]
[Round "4.5"]
[White "Kanka, Tomas"]
[Black "Gajarsky, Roman"]
[Result "1/2-1/2"]
[WhiteElo "1730"]
[BlackElo "1756"]
[PlyCount "70"]
[EventDate "2021.10.10"]
[EventType "team-tourn"]
[EventRounds "11"]
[EventCountry "SVK"]
[SourceTitle "EXT 2023"]
[Source "ChessBase"]
[SourceDate "2022.10.05"]
[SourceVersion "1"]
[SourceVersionDate "2022.10.05"]
[SourceQuality "1"]
[WhiteTeam "Gbely Nafta"]
[BlackTeam "Hlohovec"]
[WhiteTeamCountry "SVK"]
[BlackTeamCountry "SVK"]

1. e4 d5 2. exd5 Qxd5 3. Nc3 Qa5 4. Nf3 Nf6 5. Bc4 Bg4 6. 0-0 e6 7. d3 Bd6 8. h3 Bh5 9. Ne4 Nxe4 10. dxe4 Bg6 11. Re1 Nd7 12. Bd2 Qh5 13. Bc3 e5 14. Bf1 f5 15. exf5 Qxf5 16. Nd4 Qf6 17. Nb5 0-0 18. Nxd6 Qxf2+ 19. Kh1 cxd6 20. Qxd6 Nf6 21. Bc4+ Kh8 22. Bxe5 Rad8 23. Qc7 Rfe8 24. Qxb7 Rd2 25. Rf1 Qh4 26. Rf4 Qg5 27. Bxf6 gxf6 28. Rg4 Qe5 29. Bd3 Rg8 30. Rf1 Bxd3 31. Rxg8+ Kxg8 32. cxd3 Rxb2 33. Qc8+ Kg7 34. Qd7+ Kg6 35. d4 Qe4 1/2-1/2

[Event "Piestany Slovakia op"]
[Site "Piestany"]
[Date "2021.07.10"]
[Round "1"]
[White "Gajarsky, Roman"]
[Black "Bochnicka, Vladimir1111"]
[Result "0-1"]
[WhiteElo "1777"]
[BlackElo "2233"]
[PlyCount "32"]
[EventDate "2021.07.10"]
[EventType "swiss"]
[EventRounds "9"]
[EventCountry "SVK"]
[SourceTitle "CBM 203 Extra"]
[Source "ChessBase"]
[SourceDate "2021.09.30"]
[SourceVersion "1"]
[SourceVersionDate "2021.09.30"]
[SourceQuality "1"]

1. d4 Nf6 2. c4 g6 3. Nc3 Bg7 4. e3 0-0 5. Nf3 d6 6. Qc2 Nbd7 7. b4 e5 8. dxe5 dxe5 9. Bb2 Qe7 10. a3 a5 11. b5 Nc5 12. e4 Rd8 13. Be2 Nfxe4 14. Nxe4 Bf5 15. Nfd2 Bh6 16. f3 Rxd2 0-1

[Event "SVK-chT3A2 1819"]
[Site "Slovakia"]
[Date "2019.03.24"]
[Round "11.1"]
[White "Harastova, Viera"]
[Black "Gajarsky, Roman"]
[Result "1/2-1/2"]
[WhiteElo "1816"]
[BlackElo "1794"]
[PlyCount "106"]
[EventDate "2018.10.07"]
[EventType "team-tourn"]
[EventRounds "11"]
[EventCountry "SVK"]
[SourceTitle "EXT 2020"]
[Source "ChessBase"]
[SourceDate "2019.10.17"]
[SourceVersion "1"]
[SourceVersionDate "2019.10.17"]
[SourceQuality "1"]
[WhiteTeam "Skalica II"]
[BlackTeam "Hlohovec"]
[WhiteTeamCountry "SVK"]
[BlackTeamCountry "SVK"]

1. d4 d5 2. c4 g6 3. Nc3 c6 4. e3 Bg7 5. Nf3 Nf6 6. Bd3 0-0 7. 0-0 Nbd7 8. cxd5 cxd5 9. Bd2 Re8 10. Rc1 a6 11. Qb3 e6 12. Na4 b5 13. Nc5 Nxc5 14. Rxc5 Nd7 15. Rc2 Nb6 16. Ba5 Qd6 17. Bxb6 Qxb6 18. Rfc1 Bb7 19. a4 b4 20. Rc7 a5 21. Bb5 Rec8 22. Rxc8+ Rxc8 23. Rxc8+ Bxc8 24. Qc2 Bb7 25. Kf1 f6 26. Ke2 Bf8 27. g3 Kf7 28. h4 Bd6 29. h5 Ba6 30. hxg6+ hxg6 31. Bxa6 Qxa6+ 32. Qd3 Qc6 33. b3 e5 34. Ne1 e4 35. Qc2 Qa6+ 36. Kd1 f5 37. Qe2 Qc6 38. Qc2 Qxc2+ 39. Nxc2 g5 40. Ke2 f4 41. gxf4 gxf4 42. f3 Ke6 43. fxe4 dxe4 44. exf4 Bxf4 45. Ne1 Bc1 46. Nc2 Kd5 47. Kf2 Bf4 48. Ke2 Bg5 49. Kf2 e3+ 50. Ke2 Bh6 51. Nxe3+ Kxd4 52. Nc4 Kc3 53. Nxa5 Bf8 1/2-1/2

[Event "SVK-chT4 A22 1819"]
[Site "Slovakia"]
[Date "2018.12.02"]
[Round "4.5"]
[White "Vlkovic, Pavol"]
[Black "Gajarsky, Roman"]
[Result "1/2-1/2"]
[WhiteElo "1824"]
[BlackElo "1794"]
[PlyCount "72"]
[EventDate "2018.10.14"]
[EventType "team-tourn"]
[EventRounds "11"]
[EventCountry "SVK"]
[SourceTitle "EXT 2020"]
[Source "ChessBase"]
[SourceDate "2019.10.17"]
[SourceVersion "1"]
[SourceVersionDate "2019.10.17"]
[SourceQuality "1"]

1. e4 e5 2. Nf3 Nc6 3. Bc4 h6 4. c3 Qf6 5. 0-0 d6 6. h3 g5 7. Nh2 h5 8. f3 Nge7 9. Na3 a6 10. Nc2 Be6 11. d3 Ng6 12. Bxe6 fxe6 13. d4 exd4 14. cxd4 Nf4 15. Be3 Bg7 16. d5 exd5 17. exd5 Ne5 18. Bxf4 Qxf4 19. Re1 0-0-0 20. Nd4 Rd7 21. Re4 Qf7 22. Ne6 c5 23. Rc1 Bh6 24. Nxc5 Rc7 25. Ne6 Rxc1 26. Qxc1+ Kb8 27. Qc3 Rc8 28. Qa3 Qd7 29. Rb4 Ka7 30. Qe3+ Ka8 31. b3 Qh7 32. Qb6 Qd7 33. Nf1 Rc1 34. Nd8 Rc7 35. Nc6 Nxc6 36. dxc6 Qxc6 1/2-1/2

[Event "SVK-chT3A2 1718"]
[Site "Slovakia"]
[Date "2018.03.25"]
[Round "11.3"]
[White "Gajarsky, Roman"]
[Black "Kir, Kvetoslav"]
[Result "1/2-1/2"]
[WhiteElo "1807"]
[BlackElo "1761"]
[PlyCount "51"]
[EventDate "2017.10.08"]
[EventType "team-tourn"]
[EventRounds "11"]
[EventCountry "SVK"]
[SourceTitle "EXT 2020"]
[Source "ChessBase"]
[SourceDate "2019.10.17"]
[SourceVersion "1"]
[SourceVersionDate "2019.10.17"]
[SourceQuality "1"]
[WhiteTeam "Hlohovec"]
[BlackTeam "Senica SK"]
[WhiteTeamCountry "SVK"]
[BlackTeamCountry "SVK"]

1. e4 e6 2. g3 d5 3. Bg2 Nf6 4. e5 Nfd7 5. d4 c5 6. c3 Nc6 7. Ne2 cxd4 8. cxd4 Bb4+ 9. Nbc3 a6 10. 0-0 0-0 11. f4 b5 12. Qd3 Nb6 13. Bh3 g6 14. g4 f5 15. g5 Nc4 16. Bg2 Kf7 17. Kf2 h5 18. gxh6 Qh4+ 19. Qg3 Qxh6 20. Nxd5 exd5 21. Bxd5+ Be6 22. Bxc6 Rad8 23. Rd1 Bd5 24. Bxd5+ Rxd5 25. Nc3 Rdd8 26. Kg2 1/2-1/2

[Event "SVK-chT4 A22 1718"]
[Site "Slovakia"]
[Date "2017.11.26"]
[Round "5.1"]
[White "Rozsas, Daniel"]
[Black "Gajarsky, Roman"]
[Result "1/2-1/2"]
[WhiteElo "1654"]
[BlackElo "1807"]
[PlyCount "96"]
[EventDate "2017.10.01"]
[EventType "team-tourn"]
[EventRounds "11"]
[EventCountry "SVK"]
[SourceTitle "EXT 2020"]
[Source "ChessBase"]
[SourceDate "2019.10.17"]
[SourceVersion "1"]
[SourceVersionDate "2019.10.17"]
[SourceQuality "1"]

1. e4 d5 2. exd5 Qxd5 3. Nc3 Qa5 4. d4 c6 5. Nf3 Bg4 6. h3 Bh5 7. Bd3 Nd7 8. Bf4 Ndf6 9. g4 Bg6 10. Bxg6 hxg6 11. Nd2 Qb6 12. Nb3 a5 13. a4 e6 14. g5 Nd5 15. Nxd5 cxd5 16. c3 Rh4 17. Bg3 Rh5 18. h4 Bd6 19. Bxd6 Qxd6 20. Nd2 Qf4 21. Qf3 Qf5 22. Qxf5 gxf5 23. f4 Ne7 24. Kf2 Ng6 25. Kg3 Kd7 26. Ra3 Ne7 27. Nf3 Nc6 28. Ne5+ Nxe5 29. fxe5 Ra6 30. Rb3 Kc7 31. Rb5 Rh8 32. Rc1 Rha8 33. c4 Rc6 34. c5 g6 35. Rc3 Raa6 36. Rcb3 Ra7 37. Kf4 Kc8 38. Ke3 Rc7 39. Rb6 Rc6 40. Kf4 Rc7 41. h5 gxh5 42. Rh3 Re7 43. Rxh5 Ra6 44. Rh8+ Kc7 45. Rxa6 bxa6 46. Rh7 Kd8 47. Rh8+ Re8 48. Rh7 Re7 1/2-1/2

[Event "SVK-chT3A2 1718"]
[Site "Slovakia"]
[Date "2017.10.08"]
[Round "1.5"]
[White "Gajarsky, Roman"]
[Black "Hirmajer, Jan"]
[Result "1-0"]
[WhiteElo "1807"]
[BlackElo "1923"]
[PlyCount "97"]
[EventDate "2017.10.08"]
[EventType "team-tourn"]
[EventRounds "11"]
[EventCountry "SVK"]
[SourceTitle "EXT 2020"]
[Source "ChessBase"]
[SourceDate "2019.10.17"]
[SourceVersion "1"]
[SourceVersionDate "2019.10.17"]
[SourceQuality "1"]
[WhiteTeam "Hlohovec"]
[BlackTeam "Holic"]
[WhiteTeamCountry "SVK"]
[BlackTeamCountry "SVK"]

1. e4 c5 2. f4 Nc6 3. Nf3 d6 4. c3 Bg4 5. Na3 g6 6. Nc2 Bg7 7. Ne3 Nf6 8. d3 0-0 9. g3 Qa5 10. Bd2 e5 11. Nxg4 Nxg4 12. Bh3 Nf6 13. f5 Qb6 14. Qc1 d5 15. Qc2 dxe4 16. dxe4 gxf5 17. exf5 e4 18. Ng5 Ne5 19. 0-0-0 Qc6 20. Bf4 Rfe8 21. Bg2 Nf3 22. Rd6 Qb5 23. Nxf3 exf3 24. Bxf3 Rad8 25. Rxd8 Rxd8 26. Rd1 Re8 27. Qd2 Qa6 28. Kb1 Qb5 29. Qg2 a5 30. g4 Qc4 31. Bc1 Ne4 32. Bxe4 Rxe4 33. Rd8+ Bf8 34. Qd2 f6 35. Qd5+ Qxd5 36. Rxd5 b5 37. Kc2 Re2+ 38. Kd3 Rxh2 39. Rd8 Rh3+ 40. Ke4 Rh1 41. Be3 Kf7 42. Rb8 Re1 43. Kf3 b4 44. Rb7+ Ke8 45. Ra7 Rb1 46. Rxa5 Rxb2 47. cxb4 Rxb4 48. Ra8+ Kf7 49. Rxf8+ 1-0

[Event "SVK-chT4 A22 1617"]
[Site "Slovakia"]
[Date "2017.02.26"]
[Round "10.4"]
[White "Gajarsky, Roman"]
[Black "Mezes, Kristof"]
[Result "0-1"]
[WhiteElo "1775"]
[BlackElo "1458"]
[PlyCount "64"]
[EventDate "2016.10.09"]
[EventType "team-tourn"]
[EventRounds "11"]
[EventCountry "SVK"]
[SourceTitle "EXT 2020"]
[Source "ChessBase"]
[SourceDate "2019.10.17"]
[SourceVersion "1"]
[SourceVersionDate "2019.10.17"]
[SourceQuality "1"]

1. e4 e6 2. c4 c6 3. d4 d5 4. Nc3 Nf6 5. e5 Nfd7 6. c5 b6 7. b4 a5 8. bxa5 bxc5 9. dxc5 Qxa5 10. Bd2 Qxc5 11. f4 Ba6 12. Nge2 Be7 13. Ng3 Bxf1 14. Rxf1 0-0 15. Qg4 Ra3 16. Rf3 Qg1+ 17. Nf1 Qd4 18. Rc1 Bb4 19. Rg3 g6 20. Qe2 Bxc3 21. Rgxc3 Rxa2 22. h4 Nb6 23. h5 Nc4 24. h6 Nxd2 25. Nxd2 Qxf4 26. Qf3 Qh4+ 27. g3 Qh1+ 28. Ke2 Qh2+ 29. Ke1 f6 30. Rb3 fxe5 31. Rxb8 Rxb8 32. Nf1 Qg2 0-1

[Event "SVK-chT3A2 1617"]
[Site "Slovakia"]
[Date "2017.01.22"]
[Round "7.3"]
[White "Gajarsky, Roman"]
[Black "Manak, Jozef"]
[Result "0-1"]
[WhiteElo "1727"]
[BlackElo "1994"]
[PlyCount "134"]
[EventDate "2016.10.16"]
[EventType "team-tourn"]
[EventRounds "11"]
[EventCountry "SVK"]
[SourceTitle "EXT 2020"]
[Source "ChessBase"]
[SourceDate "2019.10.17"]
[SourceVersion "1"]
[SourceVersionDate "2019.10.17"]
[SourceQuality "1"]
[WhiteTeam "Hlohovec"]
[BlackTeam "Piestany Kupele"]
[WhiteTeamCountry "SVK"]
[BlackTeamCountry "SVK"]

1. g3 d5 2. Bg2 Nf6 3. d3 c6 4. f4 Bf5 5. Nf3 e6 6. Nh4 Bg4 7. Nd2 Be7 8. c3 Nbd7 9. Ndf3 Qb6 10. Qc2 Bc5 11. d4 Be7 12. Ne5 Bh5 13. Nhf3 Nxe5 14. Nxe5 Nd7 15. Bf3 Bxf3 16. Nxd7 Kxd7 17. exf3 c5 18. Be3 Rac8 19. Rd1 Qa6 20. a3 b6 21. Qd3 Qxd3 22. Rxd3 Bf6 23. Ke2 Kc6 24. a4 c4 25. Rdd1 Rb8 26. Kd2 b5 27. Ra1 b4 28. Kc2 Rb6 29. h4 Rhb8 30. Rhb1 b3+ 31. Kd2 Ra6 32. h5 Ra5 33. g4 Rb6 34. g5 Be7 35. Rh1 Rba6 36. Kc1 Rxa4 37. Rxa4 Rxa4 38. Kb1 f5 39. Re1 Ra6 40. Bd2 Kd7 41. Re2 Rb6 42. Bc1 a5 43. Re1 a4 44. Re2 Kc7 45. Re1 Kb7 46. Re2 Ka6 47. Re1 Ka5 48. Re2 a3 49. Re1 Ka4 50. Re2 axb2 51. Bxb2 Ba3 52. Re1 Ra6 53. Rd1 Bd6 54. Bc1 Kb5 55. Re1 Bc7 56. Re2 Ba5 57. Bb2 Bd8 58. Re1 Rc6 59. Re2 Bb6 60. Bc1 Bxd4 61. cxd4 c3 62. Be3 Kc4 63. Re1 Ra6 64. Rg1 Kd3 65. Bc1 Kxd4 66. Rd1+ Kc4 67. Re1 c2+ 0-1

[Event "SVK-chT3A2 1617"]
[Site "Slovakia"]
[Date "2016.10.30"]
[Round "2.2"]
[White "Palka, Martin"]
[Black "Gajarsky, Roman"]
[Result "1/2-1/2"]
[WhiteElo "1883"]
[BlackElo "1727"]
[PlyCount "33"]
[EventDate "2016.10.16"]
[EventType "team-tourn"]
[EventRounds "11"]
[EventCountry "SVK"]
[SourceTitle "EXT 2020"]
[Source "ChessBase"]
[SourceDate "2019.10.17"]
[SourceVersion "1"]
[SourceVersionDate "2019.10.17"]
[SourceQuality "1"]
[WhiteTeam "Senica SK"]
[BlackTeam "Hlohovec"]
[WhiteTeamCountry "SVK"]
[BlackTeamCountry "SVK"]

1. c4 e5 2. Nc3 c5 3. g3 Nc6 4. Bg2 f5 5. d3 d6 6. Nf3 Be7 7. Nd5 Be6 8. Nxe7 Ngxe7 9. Bd2 h6 10. Bc3 Qc7 11. Qa4 0-0 12. 0-0 Rae8 13. a3 Nd4 14. Rfe1 Nec6 15. e3 Nxf3+ 16. Bxf3 a6 17. Rab1 1/2-1/2

[Event "Portoroz op 10th"]
[Site "Portoroz"]
[Date "2016.07.30"]
[Round "9"]
[White "Gajarsky, Roman"]
[Black "Trebizan, David"]
[Result "0-1"]
[WhiteElo "1751"]
[BlackElo "1935"]
[PlyCount "65"]
[EventDate "2016.07.23"]
[EventType "swiss"]
[EventRounds "9"]
[EventCountry "SLO"]
[SourceTitle "EXT 2017"]
[Source "ChessBase"]
[SourceDate "2016.10.25"]
[SourceVersion "1"]
[SourceVersionDate "2016.10.25"]
[SourceQuality "1"]

1. e4 e5 2. Nf3 Nc6 3. d4 exd4 4. Nxd4 Nf6 5. f3 d5 6. Bb5 Bd7 7. Nxc6 bxc6 8. Bd3 dxe4 9. fxe4 Bc5 10. Qf3 Bg4 11. Qg3 Qe7 12. Nc3 Bh5 13. Bg5 Bd4 14. Kd2 0-0 15. Rhf1 Bg6 16. a3 Rab8 17. Rab1 Qc5 18. Bxf6 Bxf6 19. Rxf6 gxf6 20. h4 Qe5 21. Qf3 h5 22. b3 Rbd8 23. Re1 Rfe8 24. Re3 Kg7 25. g3 Re7 26. Qf4 Qd4 27. Ke2 Qc5 28. Kd2 Qxa3 29. Qxc7 Qc5 30. Qf4 f5 31. Na4 Qa5+ 32. Ke2 fxe4 33. Bxe4 0-1

[Event "Portoroz op 10th"]
[Site "Portoroz"]
[Date "2016.07.29"]
[Round "8"]
[White "Siraj, Anej"]
[Black "Gajarsky, Roman"]
[Result "0-1"]
[WhiteElo "1621"]
[BlackElo "1751"]
[PlyCount "62"]
[EventDate "2016.07.23"]
[EventType "swiss"]
[EventRounds "9"]
[EventCountry "SLO"]
[SourceTitle "CBM 173 Extra"]
[Source "ChessBase"]
[SourceDate "2016.08.29"]
[SourceVersion "1"]
[SourceVersionDate "2016.08.29"]
[SourceQuality "1"]

1. e4 c6 2. d4 d5 3. f3 g6 4. Nc3 f5 5. e5 e6 6. Nh3 c5 7. Bg5 Qa5 8. Be2 Nc6 9. Bb5 a6 10. Bxc6+ bxc6 11. 0-0 cxd4 12. Ne2 c5 13. c3 dxc3 14. Nxc3 c4 15. Kh1 Bd7 16. Qd4 Qc5 17. Qh4 Bg7 18. f4 h6 19. Bf6 Kf7 20. Bxg7 Kxg7 21. Nxd5 exd5 22. e6 Bxe6 23. Rae1 Bf7 24. Re5 Nf6 25. Rfe1 Rae8 26. Ng5 Rxe5 27. fxe5 hxg5 28. Qxg5 Ne4 29. Rxe4 dxe4 30. Qf6+ Kg8 31. e6 Qf8 0-1

[Event "Portoroz op 10th"]
[Site "Portoroz"]
[Date "2016.07.24"]
[Round "2"]
[White "Roncevic, Lovro"]
[Black "Gajarsky, Roman"]
[Result "0-1"]
[WhiteElo "1047"]
[BlackElo "1751"]
[PlyCount "39"]
[EventDate "2016.07.23"]
[EventType "swiss"]
[EventRounds "9"]
[EventCountry "SLO"]
[SourceTitle "CBM 173 Extra"]
[Source "ChessBase"]
[SourceDate "2016.08.29"]
[SourceVersion "1"]
[SourceVersionDate "2016.08.29"]
[SourceQuality "1"]

1. e4 c6 2. d4 d5 3. exd5 cxd5 4. Nc3 Bf5 5. Nf3 Nf6 6. Bd3 Bg6 7. Bf4 a6 8. 0-0 Nc6 9. a3 e6 10. Ne5 Bd6 11. Nxc6 bxc6 12. Ne2 Qc7 13. Bxd6 Qxd6 14. Ng3 0-0 15. Bxg6 fxg6 16. b4 Rfe8 17. Re1 Re7 18. Re3 h5 19. Qe2 Ng4 20. Rf3 0-1